| 000 | 004390000a22001810004500 | ||
|---|---|---|---|
| 001 | 2126 | ||
| 003 | CO-MdFUSB | ||
| 005 | 20170607101930.0 | ||
| 008 | 170512b xxu||||| |||| 00| 0 eng d | ||
| 040 | _cCO-MdBIC | ||
| 082 | 0 | 4 | _a863C C749c |
| 110 | 1 | _aCornare | |
| 245 | 1 | 0 | _a20 años concuso infantil de cuento ecologico : Cornare |
| 260 | _aMedellín : Cornare | ||
| 300 | _a129 p. | ||
| 650 | 1 | 4 | _aCuentos Infantiles |
| 942 | _cLGB | ||
| 999 |
_c49273 _d49273 |
||